| 000 | 00579nam a2200205Ia 4500 | ||
|---|---|---|---|
| 005 | 20250923144957.0 | ||
| 008 | 008 250917s9999 xx 000 0 eng d | ||
| 037 | _aTextual | ||
| 040 |
_aDSWL _beng _cDSWL |
||
| 041 |
_aeng _2eng |
||
| 084 |
_aY112:45:65, K3 _qDSWL |
||
| 100 |
_aTodd, M. _9830493 |
||
| 245 | 4 |
_aThe probation officer and his work _cby M. Todd |
|
| 260 |
_aLondon _bVictor Gollancz Ltd. _c1963 |
||
| 300 | _a192 p. | ||
| 365 |
_aINR _b12. 6 |
||
| 925 | _g12. 6 | ||
| 942 |
_cTEXL _hY112:45:65, K3 |
||
| 999 |
_c1445614 _d1445614 |
||